000 00433nam a2200133Ia 4500
008 231221s9999 xx 000 0 und d
020 _a978-1-4419-5754-2
041 _aEnglish
100 _aAlbert C.J. Luo
245 0 _aDynamical Systems
260 _c2010
_bSpringer US
_aNew York
650 _aVibration, Dynamical Systems, Control; Control, Robotics, Mechatronics; Mechanical Engineering; Systems Theory, Control
942 _cEB
999 _c226427
_d226427